1305 1791 1725 1675 1502 1030 1089 1957 1304 1308 1342 1184 1556 1863 1537 1782 1433 1359 1963 1029 1702 1461 1139 1175 1747 1496 1970 1718 1529 1319 1522 1908 1673 1111 1300 1099 1199 1794 1978 1782 1451 1813 1959 1946 1111 1553 1365 1587 1727 1673 1839 1028 1333 1377 1791 1035 1437 1662 1380 1883 1873 1124 1896 1276 1410 1650 1722 1286 1500 1367 1823 1532 1251 1655 1802 1121 1973 1912 1958 1491 1136 1615 1819 1915 1565 1610 1684 1647 1335 1566 1839 1811 1934 1680 1910 1257 1312 1906 1774 BCNSPRNW ULIB Ver.6.0+V

เปลี่ยนเป็นภาษาไทย

Change to English
 แสดงรายละเอียดบรรณานุกรม
  กลับหน้าหลัก

Brief Record : Get Marc (ISO 2709) : E-mail record : QR code < ปิดหน้าต่าง
LEADER : 00000nam 2200000uu 4500
001    13399125767
003     ULIB
008    170831s2559||||th 000 0 tha d
020    ^a9786168035139
060    ^aWB100 อ686M
100    ^aอำนาจ ชัยประเสริฐ บัญชา สถิระพจน์ อุปถัมภ์ ศุภสินธุ์ จันทราภา ศรีสวัสดิ์ และวิชัย ประยูรวิวัฒน์
245    ^aMedical Diagnosis and Treatment
250    ^aพิมพ์ครั้งที่ 1
260    ^aกรุงเทพฯ :^bโครงการตำราอายุรศาสตร์ ภาควิชาอายุรศาสตร์ วิทยาลัยแพทยศาสตร์พระมงกุฎเกล้า,^c2559
300    ^a736 หน้า^bภาพประกอบ
650    ^aMedicine
650    ^aอายุรศาสตร์
945    ^p0^l0^i004058
945    ^p0^l0^i004059
999    ^aประนอม เกษจรัล
รายการนี้ยังไม่มีแท็ก
คุณยังไม่ได้ล็อกอิน คุณสามารถมีกิจกรรมร่วมกับเว็บไซต์ได้ แต่ต้องล็อกอินก่อน ::
  ล็อกอิน

รายการสื่อสารสนเทศ

ลำดับที่ ประเภท เลขเรียก/บาร์โค้ด สถานที่ สถานะ
1. หนังสือสำรอง
หนังสือสำรอง
สถานะ=หนังสือเก่า
WB100 อ686M ฉ.1 
  Barcode: 004058
ห้องสมุดวิทยาเขตสวรรค์ประชารักษ์
►ส่วนจัดเก็บหนังสือเก่า สปร
บนชั้น
  ขอยืม
2. วิทยาศาสตร์การแพทย์ และสุขภาพ
วิทยาศาสตร์การแพทย์ และสุขภาพ
สถานะ=หนังสือเก่า
WB100 อ686M ฉ.2 
  Barcode: 004059
ห้องสมุดวิทยาเขตสวรรค์ประชารักษ์
►ส่วนจัดเก็บหนังสือเก่า สปร
บนชั้น
  ขอยืม

รายการใกล้เคียง
    ชื่อเรื่อง [Medical Diagnosis and Treatment]

    ผู้แต่ง [อำนาจ ชัยประเสริฐ บัญชา สถิระพจน์ อุปถัมภ์ ศุภสินธุ์ จันทราภา ศรีสวัสดิ์ และวิชัย ประยูรวิวัฒน์]

    หัวเรื่อง [Medicine]
    หัวเรื่อง [อายุรศาสตร์]

BibComment


ยังไม่เคยถูกคอมเมนท์

คอมเมนท์ทรัพยากรรายการนี้
  คอมเมนท์: Medical Diagnosi..


 Copyright 2026. Bcnsprnw @Library